NBA Active All-Stars - Statistics

General Stats
  • This quiz has been taken 648 times
    22 since last reset
  • The average score is 63 of 75
Answer Stats
Year # Player % Correct
2026 4 Anthony Edwards
100%
2023 3 Domantas Sabonis
100%
2026 7 Donovan Mitchell
100%
2026 10 G. Antetokounmpo
100%
2025 11 James Harden
100%
2026 22 LeBron James
100%
2026 6 Luka Dončić
100%
2024 9 Paul George
100%
2026 12 Stephen Curry
100%
2024 2 Tyrese Haliburton
100%
2025 10 Anthony Davis
94%
2026 2 Cade Cunningham
94%
2022 12 Chris Paul
94%
2025 9 Damian Lillard
94%
2026 2 De'Aaron Fox
94%
2026 3 Jalen Brunson
94%
2026 1 Jalen Duren
94%
2025 1 Jalen Williams
94%
2026 5 Jaylen Brown
94%
2025 6 Jayson Tatum
94%
2026 6 Karl-Anthony Towns
94%
2026 7 Kawhi Leonard
94%
2026 16 Kevin Durant
94%
2019 5 Klay Thompson
94%
2023 8 Kyrie Irving
94%
2026 8 Nikola Jokić
94%
2022 3 Rudy Gobert
94%
2026 2 Victor Wembanyama
94%
2020 1 Brandon Ingram
89%
2026 1 Chet Holmgren
89%
2026 5 Devin Booker
89%
2022 4 Draymond Green
89%
2022 1 Jarrett Allen
89%
2022 6 Jimmy Butler
89%
2024 7 Joel Embiid
89%
2026 4 Pascal Siakam
89%
2020 9 Russell Westbrook
89%
2025 4 Trae Young
89%
2026 2 Alperen Şengün
83%
2024 3 Bam Adebayo
83%
2013 1 Brook Lopez
83%
2022 1 Dejounte Murray
83%
2023 6 DeMar DeRozan
83%
2025 1 Evan Mobley
83%
2026 1 Jalen Johnson
83%
2026 1 Jamal Murray
83%
2023 2 Ja Morant
83%
2023 2 Jrue Holiday
83%
2022 2 Zach LaVine
83%
2018 5 Al Horford
78%
2025 2 Darius Garland
78%
2025 2 Jaren Jackson Jr.
78%
2018 1 Kristaps Porziņģis
78%
2020 6 Kyle Lowry
78%
2021 1 Mike Conley
78%
2026 4 S. Gilgeous-Alexander
78%
2025 1 Tyler Herro
78%
2026 2 Tyrese Maxey
78%
2023 2 Zion Williamson
78%
2024 3 Julius Randle
72%
2022 3 Khris Middleton
72%
2022 1 LaMelo Ball
72%
2021 2 Nikola Vučević
72%
2026 2 Scottie Barnes
72%
2022 1 Andrew Wiggins
67%
2021 3 Bradley Beal
67%
2017 1 DeAndre Jordan
67%
2026 1 Deni Avdija
67%
2023 1 Lauri Markkanen
67%
2026 1 Norman Powell
67%
2024 1 Paolo Banchero
67%
2018 2 Andre Drummond
61%
2022 1 Fred VanVleet
50%
2018 5 Kevin Love
50%
2019 1 D'Angelo Russell
44%
No matching quizzes found
Score Distribution
Percent of People with Each Score
Percentile by Number Answered
Your Score History
You have not taken this quiz since the last reset